| 000 | 00874cam a22002895a 4500 | ||
|---|---|---|---|
| 999 |
_c10065 _d10065 |
||
| 001 | 6119511 | ||
| 003 | EG-ScBUE | ||
| 005 | 20210527144435.0 | ||
| 008 | 790425s1967 enk f 000 1 eng d | ||
| 035 | _a(OCoLC)4894516 | ||
| 040 |
_aDLC _beng _erda _cNBiSU _dOCoLC _dDLC _dEG-ScBUE |
||
| 082 | 0 | 4 |
_a813.0872 _bSPI _222 |
| 100 | 1 |
_aSpillane, Mickey, _d1918-2006. _eauthor. |
|
| 245 | 1 | 0 |
_aBloody sunrise / _cMickey Spillane. |
| 264 | 1 |
_aLondon : _bA Corgi Book, _c1967. |
|
| 300 |
_a159 pages ; _c21 cm |
||
| 336 |
_2rdacontent _atext _btxt |
||
| 337 |
_2rdamedia _aunmediated _bn |
||
| 338 |
_2rdacarrier _avolume _bnc |
||
| 590 | _ayassmeen ashraf | ||
| 650 | 7 |
_aMann, Tiger (Fictitious character) _2BUEsh |
|
| 651 | _2BUEsh | ||
| 653 |
_cAugust2015 _bHHUUEENN |
||
| 655 |
_vReading book _934232 |
||
| 906 |
_a7 _bcbc _coclcrpl _du _encip _f19 _gy-gencatlg |
||
| 942 |
_2ddc _cBB |
||